000 00265nam a2200109Ia 4500
005 20251222114416.0
008 251222s1900||||xx |||||||||||||| ||spa||
082 _aDVD0090/F45/2007
245 0 _aVidas extraordinarias: Don Giussani
264 _bMediaset
942 _cDVD
999 _c2245
_d2245